00346nam a2200109Ia 4500008004100000020005500041040000800096082001800104100003200122245004700154264003500201231129s9999||||xx |||||||||||||| ||spa|| a84-7232-508-3  bspa a946.053 P657q aPinochet de la Barra Oscar 0aQuiros y su utopia de las Indias Australes aEdiciones de Cultura Hispanica